| 000 | 00781nam a2200253Ia 4500 | ||
|---|---|---|---|
| 003 | GCL | ||
| 008 | 140319s9999 xx 000 0 ara d | ||
| 040 |
_aGCL / _cGCL |
||
| 082 | 0 | 4 |
_a301.1 _bم س |
| 100 | 1 | _aمحمد شفيق | |
| 245 | 1 | 0 |
_aالسلوك الانسانى مدخل الى علم النفس الاجتماعى / _cمحمد شفيق |
| 260 |
_a[S.N] : _bالشركة المتحدة للطباعة والنشر ، _c1987 |
||
| 300 | _a247 ص | ||
| 490 | _a | ||
| 650 | 0 | 4 | _aالمجتمع |
| 650 | 0 | 4 | _aالانسان |
| 650 | 0 | 4 | _aالهجرة |
| 650 | 0 | 4 | _aالاجتماع |
| 650 | 0 | 4 | _aالسلوك |
| 650 | 0 | 4 | _aعلم النفس الاجتماعى |
| 650 | 0 | 4 | _aالقيادة |
| 650 | 0 | 4 | _aالتنشئة الاجتماعية |
| 942 |
_2ddc _cBK |
||
| 999 |
_c31846 _d31846 |
||